00439nam a2200205Ia 4500003000900000008004100009040001300050040001300063041000800076100001800084245003600102250000900138260001200147260000900159300001100168300000700179300001000186490003100196490000600227IT-RoPAU120407s9999 xx 000 0 und d aIT-RoPAU cIT-RoPAU aita aArduino Terzi aS. Francesco d’Assisi a Roma. aRoma aNardini c1956 a100 p. b32 c31 cm a1. Francesco d’Assisi,s. v1